Development and exploitation of oil and gas fields / (Registro nro. 150680)

Detalles MARC
000 -LEADER
campo de control de longitud fija 00570nam a2200169 i 4500
001 - NÚMERO DE CONTROL
campo de control 150680
003 - IDENTIFICADOR DE NÚMERO DE CONTROL
campo de control ES-MaACL
007 - CAMPO FIJO DE DESCRIPCIÓN FÍSICA--INFORMACIÓN GENERAL
campo de control de longitud fija t|
008 - DATOS DE LONGITUD FIJA--INFORMACIÓN GENERAL
campo de control de longitud fija 071105q19601969xxr ||||1| eng d
245 00 - MENCIÓN DEL TÍTULO
Título Development and exploitation of oil and gas fields /
Mención de responsabilidad, etc. I. Muravyov, R. Andriasov...[et al.] ; translation editor Alexander Gurevich.
260 ## - PUBLICACIÓN, DISTRIBUCIÓN, ETC.
Lugar de publicación, distribución, etc. Moscow :
Nombre del editor, distribuidor, etc. Peace Publisher,
Fecha de publicación, distribución, etc. [196-?]
300 ## - DESCRIPCIÓN FÍSICA
Extensión 503 p. :
Otras características físicas il. ;
Dimensiones 22 cm.
700 1# - ENTRADA AGREGADA--NOMBRE PERSONAL
Nombre de persona Muravyov, I.
9 (RLIN) 84548
700 1# - ENTRADA AGREGADA--NOMBRE PERSONAL
Nombre de persona Andriasov, R.
9 (RLIN) 21670
700 1# - ENTRADA AGREGADA--NOMBRE PERSONAL
Nombre de persona Gurevich, Alexander.
9 (RLIN) 60971
852 ## - LOCALIZACIÓN
Ubicación ES-MaACL
Número de control de estantería E-5357
Sublocalización o colección R.89484
Existencias
Estatus retirado Estado de pérdida Estado de daño No para préstamo Biblioteca de origen Biblioteca actual Ubicación en estantería Fecha de adquisición Fuente de adquisición Total de préstamos Signatura topográfica completa Código de barras Visto por última vez Precio de reemplazo Tipo de ítem Koha
        Biblioteca del Ateneo de Madrid Biblioteca del Ateneo de Madrid Depósito 2 17/01/2008     E-5357 1157227 23/02/2023 23/02/2023 Libro impreso